000 00717nam a2200205Ia 4500
005 20240530101926.0
008 140319s1992 xx 000 0 ara d
040 _aGCL /
_cGCL
082 0 4 _a922.117 /
_bا م
100 1 _aامين الخولى
245 1 0 _aالمجددون فى الاسلام /
_cامين الخولى
260 _aالقاهرة :
_bالهيئة المصرية العامة للكتاب،
_c1992
300 _a170 ص ؛
_c24 سم
490 _aالاعمال الكاملة
_v( 7 )
650 0 4 _aالاسلام
650 0 4 _aالاسلام والاصلاح الاجتماعى
650 0 4 _aامين الخولى
942 _2ddc
_cBK
999 _c28767
_d28767